Library Banner

An introduction to political thought : (Record no. 55667)

MARC details
000 -LEADER
fixed length control field 00603nam a2200217Ia 4500
001 - CONTROL NUMBER
control field 58402
005 - DATE AND TIME OF LATEST TRANSACTION
control field 20170422113400.0
008 - FIXED-LENGTH DATA ELEMENTS--GENERAL INFORMATION
fixed length control field 140507s9999 xx 000 0 und d
020 ## - INTERNATIONAL STANDARD BOOK NUMBER
International Standard Book Number 9780748643981
040 ## - CATALOGING SOURCE
Transcribing agency PK-LaUMT
082 ## - DEWEY DECIMAL CLASSIFICATION NUMBER
Classification number R 320.01
Item number ROB-I
100 ## - MAIN ENTRY--PERSONAL NAME
Personal name Roberts, Peri
245 #3 - TITLE STATEMENT
Title An introduction to political thought :
Remainder of title a conceptual toolkit /
Statement of responsibility, etc Peri Roberts and Peter Sutch
250 ## - EDITION STATEMENT
Edition statement 2nd
260 ## - PUBLICATION, DISTRIBUTION, ETC. (IMPRINT)
Place of publication, distribution, etc Edinburgh,UK:
Name of publisher, distributor, etc Edinburgh University Press,
Date of publication, distribution, etc 2012
300 ## - PHYSICAL DESCRIPTION
Extent 340 p.
546 ## - LANGUAGE NOTE
Language note EN
650 ## - SUBJECT ADDED ENTRY--TOPICAL TERM
Topical term or geographic name as entry element Political science-Terminology
700 ## - ADDED ENTRY--PERSONAL NAME
Personal name Sutch, Peter
942 ## - ADDED ENTRY ELEMENTS (KOHA)
Koha item type Books
Holdings
Withdrawn status Lost status Damaged status Home library Current library Date acquired Full call number Barcode Date last seen Price effective from Koha item type
      UMT Main Campus UMT Main Campus 2014-05-07 R 320.01 ROB-I 77452 2014-05-08 2014-05-08 Books